| 000 | 00441pam a2200169 a 4500 | ||
|---|---|---|---|
| 020 |
_a044302790 _c |
||
| 041 | _aeng | ||
| 082 |
_a576 _bDUG |
||
| 100 | _aDuguid, J P. | ||
| 245 |
_aMackekie & Mccartney Medical Microbiology Vol - I : Microbial Infections _hTextual Documents |
||
| 250 | _a13th ed. | ||
| 260 |
_aHarlow _bELBS _c1984 |
||
| 300 | _a666. | ||
| 653 | _aMicrobiology | ||
| 700 |
_aMarmion, B P. _aSwain, R H A. |
||
| 930 | _a1412 | ||
| 999 |
_c74705 _d74705 |
||